000 00518nam a2200169Ia 4500
008 151213s9999 xx 000 0 und d
082 _a658
_b658
100 _aDr. Atair Rahman , Zulfiqar Hasan & Md., Rabiul Islanm
245 _aHuman Resource Management
_cDr. Atair Rahman , Zulfiqar Hasan & Md., Rabiul Islanm
250 _a2nd
260 _bLife Publi :
_c2010
300 _a7420 p.
650 _aManagement
650 _aMGT
700 _aDr. Atair Rahman , Zulfiqar Hasan & Md., Rabiul Islanm
999 _c3955
_d3955